[Event "Muscat-ch op"]
[Site "Muscat"]
[Date "2024.12.26"]
[Round "1"]
[White "Ramar, Rajasekaran"]
[Black "Aljamaat, Khaled"]
[Result "0-1"]
[WhiteElo "1403"]
[BlackElo "1824"]
[PlyCount "96"]
[EventDate "2024.12.26"]
[EventType "swiss"]
[EventRounds "9"]
[EventCountry "OMN"]
[SourceTitle "CB01_2025"]
[SourceDate "2025.01.01"]
[SourceVersion "1"]
[SourceVersionDate "2025.01.01"]
[SourceQuality "1"]

1. e4 e5 2. Nf3 Nc6 3. Bc4 Bc5 4. 0-0 Nf6 5. d3 d6 6. h3 h6 7. Nbd2 a6 8. Re1 0-0 9. Nf1 Na5 10. Bb3 Nxb3 11. axb3 Kh7 12. Ng3 Ng8 13. Be3 Bxe3 14. Rxe3 Ne7 15. Qd2 f5 16. exf5 Nxf5 17. Nxf5 Bxf5 18. Rae1 Qf6 19. Nh2 g5 20. Rf3 Qg6 21. Rg3 Qh5 22. Ng4 Rf7 23. Ree3 Raf8 24. Ref3 Bd7 25. Rxf7+ Rxf7 26. Qe2 Qg6 27. Ne3 h5 28. h4 g4 29. Nd5 Be6 30. Nc3 Qf6 31. Qe3 d5 32. Qg5 Qxg5 33. hxg5 d4 34. Ne4 h4 35. Nf6+ Rxf6 36. gxf6 hxg3 37. fxg3 Kg6 38. c3 c5 39. c4 Kxf6 40. Kf2 b5 41. Ke2 Kf5 42. Kd2 e4 43. Ke2 Bd7 44. dxe4+ Kxe4 45. Kd2 bxc4 46. bxc4 Ba4 47. Ke2 Bb3 48. Kd2 Bxc4 0-1